00747cam a22002294a 450000100090000000300040000900500170001300800390003001000170006902000180008604000230010408200230012710000190015024500710016926000460024030000340028650400420032065100250036265100240038765100250041185600810043614665846OSt20240530110430.0061211s2006 ua af f b 000 0 eng a 2006907292 a9789774160103 aEG-CaGPLcEG-CaGPL04a212939.7bCC/B N 1 aLeclant , Jean10aThe Nubian pharaohs :bBlack Kings on the Nile /cby Jean Leclant. aCairo :bThe American University ,c2006. a214 p. :bill., map ;c32 cm. aIncludes bibliographical references . 0aNubiaxCivilization. 0aNubiaxAntiquities. 0aMeroe (Extinct city)413Table of contents onlyuhttp://www.loc.gov/catdir/toc/fy0705/2006907292.html